000 01844nam a2200361 a 4500
001 00003823
003 DO-SdBNP
005 20180312132910.0
007 00003823
008 091117s2005 dr a 000 0 spa d
020 _a9945110667
040 _aBPMSU
_bspa
_cBPMSU
092 _a372.84
_bR696r 7mo. 2005
100 1 2 _aRodríguez, Federico
245 0 0 _aReligión 7 :
_beducación básica /
_cFederico Rodríguez ; dirección editorial Obdulia García de Escobar ; ilustración José Amado Polanco.
260 _aSanto Domingo :
_bSantillana,
_c2005.
300 _a112 p. :
_bil., retrs. ;
_c28 cm.
490 1 _aÁmbar
500 _aEste libro ha sido realizado de conformidad con el currículum vigente y ha sido sometido a la aprobación de la SEEBAC "Secretaría de Estado de Educación Bellas Artes y Cultos"
505 0 _tLas preguntas del ser humano --
_tEl ser humano en el mundo --
_t¿Qué es la religión? --
_tLa Biblia, libro sagrado --
_tCómo leer la Biblia --
_t¿Quién es Jesús? --
_tLas enseñanzas de Jesús --
_tSeguidores de Jesús --
_tOración y liturgia --
_tLos siete sacramentos --
_tLa dignidad y la moral cristiana --
_tLa persona y su relación con Dios --
_tMoral del matrimonio y de la familia --
_tAmor a la vida y respeto del cuerpo --
_tLa persona en relación con los demás.
650 4 _aRELIGIÓN
_xENSEÑANZA BÁSICA
650 4 _aRELIGIÓN
_xESTUDIOS Y EJERCICIOS
650 4 _aRELIGIÓN
_xEDUCACIÓN PRIMARIA
650 4 _aRELIGIÓN
_xLIBROS DE TEXTOS
650 4 _aEDUCACIÓN PRIMARIA
_zREPÚBLICA DOMINICANA
700 1 2 _aGarcía de Escobar, Obdulia,
_eed.
700 1 2 _aNúñez, Ruddy,
_eil.
830 0 _aÁmbar
910 _aValidado. Control de calidad MFF
942 _2ddc
_cBK
945 _aRemanejado para la BNPHU / 2018 VM
956 _aLOPEREZ
_b10
_c20150405
_lBPMSU
_h0041
999 _c9553
_d9553